Mubarizud dowlah tarik mujahideen may hyderabad deccan kha hisa aur mubarizud dowlah (Record no. 585026)

000 -LEADER
fixed length control field 00553nam a22001697a 4500
003 - CONTROL NUMBER IDENTIFIER
control field CEME
005 - DATE AND TIME OF LATEST TRANSACTION
control field 20210628210600.0
008 - FIXED-LENGTH DATA ELEMENTS--GENERAL INFORMATION
fixed length control field 210210b xxu||||| |||| 00| 0 eng d
040 ## - CATALOGING SOURCE
Transcribing agency .
082 ## - DEWEY DECIMAL CLASSIFICATION NUMBER
Classification number 922.97 SAD
100 ## - MAIN ENTRY--PERSONAL NAME
Personal name Abu Saadat Jalili
9 (RLIN) 80049
245 ## - TITLE STATEMENT
Title Mubarizud dowlah tarik mujahideen may hyderabad deccan kha hisa aur mubarizud dowlah
260 ## - PUBLICATION, DISTRIBUTION, ETC.
Place of publication, distribution, etc. ISLAMABAD
Name of publisher, distributor, etc. NATIONAL BOOK FOUNDATION
Date of publication, distribution, etc. 1998
300 ## - PHYSICAL DESCRIPTION
Extent 409P
650 ## - SUBJECT ADDED ENTRY--TOPICAL TERM
Topical term or geographic name entry element WAHABI TEHRIK LEADER-MUBARIZUD DOWLAH ANTI BRITISH MOVEMENT LEADER-MUBARIZUD DOWLAH
9 (RLIN) 80050
942 ## - ADDED ENTRY ELEMENTS (KOHA)
Koha item type Book
Source of classification or shelving scheme
Holdings
Withdrawn status Lost status Damaged status Not for loan Permanent Location Current Location Shelving location Date acquired Total Checkouts Full call number Barcode Date last seen Price effective from Koha item type
        College of Electrical & Mechanical Engineering (CEME) College of Electrical & Mechanical Engineering (CEME) General Stacks 07/06/2017   922.97 SAD CEME-34431 06/28/2021 06/28/2021 Book
© 2023 Central Library, National University of Sciences and Technology. All Rights Reserved.